000 00618nam a2200241Ia 4500
003 OSt
005 20221007062327.0
006 a|||||r|||| 00| 0
007 ta
008 221006b |||||||| |||| 00| 0 eng d
024 _a24,500
037 _cTextual
040 _aFLL
_cFLL
_beng
041 _2eng
_aeng
082 _aZ2:5qM60:9, L0
100 _aVerma B.R.
_9410909
245 0 _aIndian penal code
250 _a6th
260 _aAllahabad
_bLaw Book Co. India
_c1970
300 _alx,2057-3043p
_ccm.
942 _hZ2:5qM60:9, L0
_cTEXL
_2CC
999 _c1128328
_d1128328